| 000 | 00697cam a2200181 4500 | ||
|---|---|---|---|
| 082 |
_a940.27 _bMEM |
||
| 100 | 1 |
_aMarbut _950124 |
|
| 245 | 1 | 0 | _aMemoirs of the Baron de Brosse |
| 260 |
_aLondon : _bprinted for D. Browne, Jun., and S. Chapman, _c1725-26. |
||
| 300 |
_avii,[1],77,[3];[4],92p. ; _c8⁰. |
||
| 500 | _aAnonymous. By Eliza Haywood. | ||
| 500 | _aPublished in two parts, each with a separate titlepage, register and pagination; part II has a half-title. | ||
| 500 | _aReproduction of original from the British Library. | ||
| 526 |
_a0 _b0 _c0 _d940_270000000000000_MEM |
||
| 650 |
_aMCE _9379 |
||
| 856 | 4 | 0 | _uhttp://www.columbia.edu/cgi-bin/cul/resolve?clio5213407 |
| 942 |
_2ddc _cBK |
||
| 999 |
_c552862 _d552862 |
||